• 首页
  • 本馆介绍
  • 公告通知
  • 最新文献
  • 馆藏检索
  • 电子资源
  • 读者导购
  • 参考咨询
  • 我的图书馆
  • 登录
  • 详细信息显示
  • 放入我的书架
  • 预约/预借图书
  • 作者相关作品
  • 分类相关作品
  • 丛书相关作品
  • 出版社相关作品

书目信息

  • 表格格式
  • 工作单格式
  • 卡片格式
题名:
汾渭平原旱涝集合应对研究
    
 
作者: 刘家宏 著
分册:  
出版信息: 北京   科学出版社  2017.02
页数: 236页
开本: 26cm
丛书名:
单 册:
中图分类: P426.616
科图分类:
主题词: 干旱--研究--山西 , 水灾--研究--山西
电子资源:
ISBN: 978-7-03-042806-6
000 01090nam0 2200265 450
001 5342
005 20181015154050.80
010    @a978-7-03-042806-6@dCNY108.00
100    @a20170427d2017 em y0chiy50 ea
101 0  @achi
102    @aCN@b110000
105    @aa z 000yy
200 1  @a汾渭平原旱涝集合应对研究@9fen wei ping yuan han lao ji he ying dui yan jiu@f刘家宏[等]著
210    @a北京@c科学出版社@d2017.02
215    @a236页@c图@d26cm
300    @a中国旱涝事件集合应对战略研究/王浩主编
300    @a中国工程院重大咨询项目 “十三五”国家重点出版物出版规划项目
304    @a著者还有:毛晓敏、朱记伟、邵薇薇、栾清华等
330    @a本书系统梳理汾渭平原历史旱涝事件,绘制旱涝事件图谱;采用趋势分析、突变分析、趋势相关分析等方法,分析汾渭平原的旱涝特征及演变规律,归纳旱涝事件的成因,阐释旱涝事件对汾渭平原国民经济和生态系统的影响;从宏观战略层面提出汾渭平原旱涝事件集合应对方略。
606 0  @a干旱@x研究@y山西
606 0  @a水灾@x研究@y山西
690    @aP426.616@v5
701  0 @a刘家宏@9liu jia hong@4著
801  0 @aCN@b91MARC@c20170427
905    @aMuseLib@dP426.616@e132
    
    汾渭平原旱涝集合应对研究/刘家宏[等]著.-北京:科学出版社,2017.02
    236页:图;26cm
    中国旱涝事件集合应对战略研究/王浩主编.-中国工程院重大咨询项目 “十三五”国家重点出版物出版规划项目
    
    ISBN 978-7-03-042806-6:CNY108.00
    本书系统梳理汾渭平原历史旱涝事件,绘制旱涝事件图谱;采用趋势分析、突变分析、趋势相关分析等方法,分析汾渭平原的旱涝特征及演变规律,归纳旱涝事件的成因,阐释旱涝事件对汾渭平原国民经济和生态系统的影响;从宏观战略层面提出汾渭平原旱涝事件集合应对方略。
●
相关链接 在E读中查询图书 在五车中查询图书 在当当中查询图书 在豆瓣中查询图书


正题名:汾渭平原旱涝集合应对研究     索取号:P426.616/132         预约/预借

序号 登录号 条形码 馆藏地/架位号 状态 备注
1 1129235   211292359   第二样本阅览室/ [索取号:P426.616/132] 在馆    
2 1129236   211292368   第三借阅区/ [索取号:P426.616/132] 在馆    
3 1129237   211292377   第三借阅区/ [索取号:P426.616/132] 在馆    
4 1129238   211292386   第三借阅区/ [索取号:P426.616/132] 在馆    
5 1129239   211292395   密集书库-资源管理系/ [索取号:P426.616/132] 在馆    
唐山师范学院图书馆 欢迎您!
大连网信软件有限公司© 版权所有